Normal view
MARC view
Entry Topical Term
001 - CONTROL NUMBER
- control field: 38547
003 - CONTROL NUMBER IDENTIFIER
- control field: ARRUPE
005 - DATE AND TIME OF LATEST TRANSACTION
- control field: 20180117101150.0
008 - FIXED-LENGTH DATA ELEMENTS
- fixed length control field: 180117|| aca||aabn | a|a d
040 ## - CATALOGING SOURCE
- Original cataloging agency: ARRUPE
- Transcribing agency: ARRUPE
150 ## - HEADING--TOPICAL TERM
- Topical term or geographic name as entry element: Makonde (African people)
670 ## - SOURCE DATA FOUND
- Source citation: Work cat.: (ARRUPE)0: Portugal. Junta de Investigações do Ultramar. Centro de Estudos de Antropologia Cultural. 38546, Os Macondes de Moçambique., 1964-66